|
|
|
|
| LEADER |
01331cam a2200433 7i4500 |
| 001 |
0000016351 |
| 005 |
20060523090000.0 |
| 020 |
0 |
0 |
|a 1-58239-004-5
|
| 090 |
0 |
0 |
|a AS.P 382.5025
|b INT
|
| 245 |
0 |
0 |
|a The International directory of importers :
|b Asia/Pacific 2005.
|
| 250 |
0 |
0 |
|a 17th Rev ed.
|
| 260 |
0 |
0 |
|a Poulsbo, WA.:
|b Interdata,
|c 2005.
|
| 300 |
# |
# |
|a 967 p.
|
| 500 |
0 |
0 |
|a Vol.II:South Pacific Islands,Sri Lanka,Taiwan,Thailand,Uzbekistan,Vietnam
|
| 500 |
0 |
0 |
|a Vol.I:Australia,Bangladesh,China,Hong Kong,India,Indonesia,Japan,Kazakhstan,Malaysia,Mauritius,Mongolia,Nepal,New Zealand,Pakistan,Philippines,Singapore and South Korea
|
| 650 |
0 |
0 |
|a Importers --
|x Directories --
|z Asia Pacific
|
| 651 |
0 |
0 |
|a Mauritius
|
| 651 |
0 |
0 |
|a Mongolia
|
| 651 |
0 |
0 |
|a South Korea
|
| 651 |
0 |
0 |
|a South Pacific
|
| 651 |
0 |
0 |
|a Uzbekistan
|
| 651 |
0 |
0 |
|a Kazakhstan
|
| 651 |
0 |
0 |
|a Bangladesh
|
| 651 |
0 |
0 |
|a Japan
|
| 651 |
0 |
0 |
|a Nepal
|
| 651 |
0 |
0 |
|a China
|
| 651 |
0 |
0 |
|a Sri Lanka
|
| 651 |
0 |
0 |
|a New Zealand
|
| 651 |
0 |
0 |
|a Vietnam
|
| 651 |
0 |
0 |
|a India
|
| 651 |
0 |
0 |
|a Taiwan
|
| 651 |
0 |
0 |
|a Hong Kong
|
| 651 |
0 |
0 |
|a Indonesia
|
| 651 |
0 |
0 |
|a Singapore
|
| 651 |
0 |
0 |
|a Philippines
|
| 651 |
0 |
0 |
|a Pakistan
|
| 651 |
0 |
0 |
|a Thailand
|
| 651 |
0 |
0 |
|a Australia
|
| 999 |
|
|
|a PNG000347B
|b Book
|c International
|e MATRADE Northern Regional Office
|